000 00374 a2200157 4500
001 76613
082 _a297 AIO
090 _c39144
_d39144
100 _aAIOU
245 _aIslamiat Lazmi 4 th/Ed
_cAIOU
250 _a4 th
260 _aIslamabad
_bAllam Iqbal Open University
_c1995
_c1995
500 _aCFT Textbook
520 _aCFT Textbook
538 _a664 B actioned
942 _aNUST-CAE
_k297 AIO
999 _c311686
_d311686